00705nam a2200265Ia 4500008004100000020001600041050000900057050001400066100002000080245002500100245003700125245002700162260001400189260002500203260000900228300001600237300003400253300001100287440002400298440001100322500002000333650003900353650002500392700002200417170203s9999 xx 000 0 und d a0 71729563X a0 30 bT374 2001 aGrimbly, Shona. 4aThe story of music : bFolk, country, and Cajun music / ceditor, Shona Grimbly. aDanbury : bBrown Partworks Ltd. c2001 a80 pages :  billustrations (some color) ;  c29 cm. aThe Story of Music. vvol. 4 aIncludes index. aMusic -- History and criticism --  xJuvenile literature. a0 717295591 (set)